000 00400nam a2200133Ia 4500
008 100328s9999 xx 000 0 und d
082 _b60222
100 _aकोतवाल अशोक.
245 _aमौनातील पडझड.
260 _bगं्रथाली.
630 _aमौनातील पडझड.
730 _aमौनातील पडझड.
942 _cBOOK
999 _c546384
_d546381